000 00706nam a2200277 a 4500
003 AR-BaBNM
005 20251128203610.0
008 082120s2002 ||||||||||||||000 | spa||
040 _cAR-BaBNM
100 1 _aBulzomi, Gabriel A.
245 0 0 _aManual de historia económica
_n1
260 _aBuenos Aires
_bMacchi
_c1973
300 _a297 p.
_btablas
650 4 _aHISTORIA ECONOMICA
650 4 _aDOCTRINAS ECONOMICAS
650 4 _aDOCTRINAS POLITICAS
650 4 _aIDEOLOGIAS
650 4 _aHISTORIA DE LAS IDEAS
650 4 _aSISTEMAS CAPITALISTAS
650 4 _aINDUSTRIA
650 4 _aCOMERCIO
650 4 _aINDUSTRIALIZACION
650 4 _aREVOLUCION
942 _cBK
998 _cmariana
999 _c4086
_d4086